| 000 | 00562nam a2200181Ia 4500 | ||
|---|---|---|---|
| 003 | IN-BaIIA | ||
| 005 | 20250729145039.0 | ||
| 008 | 211028s9999 xx 000 0 eng d | ||
| 040 | _cIIA Library | ||
| 080 |
_a(084.3)52 _bCAR |
||
| 110 |
_aObservatoire De Toulouse _91036 |
||
| 245 | 0 |
_aCarte photographique de ceilo observatoire de alger zone +7 _cObservatoire De Toulouse |
|
| 260 |
_aToulouse _bPosition Du Center Pour Toulouse |
||
| 650 |
_aAstronomy _980 |
||
| 650 | _aAtlas | ||
| 650 |
_aCharts _91037 |
||
| 942 |
_cBK _2ddc |
||
| 999 |
_c447 _d447 |
||